| 000 | 00460cam a2200169ua 4500 | ||
|---|---|---|---|
| 020 | _c750.00 | ||
| 041 |
_aeng _h |
||
| 082 |
_a631.4012 _bKOL/SO |
||
| 100 | _aKolay, A.K . | ||
| 245 |
_aSoil genesis classificationsurvey and evaluation, Vol. 2 / _cA.K Kolay. _hTextual Documents |
||
| 260 |
_aDelhi : _bAtlantic publishers and distributers , _c2007. |
||
| 300 | _a744 ; . | ||
| 365 | _a750.00 | ||
| 504 | _a | ||
| 942 | _cBK | ||
| 999 |
_c13172 _d13172 |
||